[Event "British Columbia-ch"]
[Site "Vancouver CAN"]
[Date "2005.10.10"]
[Round "7.3"]
[White "Davies, Lucas"]
[Black "Tegzes, Laszlo"]
[Result "1/2-1/2"]
[WhiteElo "2174"]
[BlackElo "2095"]
[PlyCount "65"]
[GameId "2160767910834600"]
[EventDate "2005.10.07"]
[EventType "tourn"]
[EventRounds "7"]
[EventCountry "CAN"]

1. e4 c5 2. Nf3 e6 3. d4 cxd4 4. Nxd4 Nf6 5. Nc3 Nc6 6. Ndb5 d6 7. Bf4 e5 8. Bg5 a6 9. Na3 b5 10. Nd5 Be7 11. Bxf6 Bxf6 12. c3 Ne7 13. Nc2 O-O 14. Nce3 Bg5 15. a4 Bb7 16. Nxe7+ Bxe7 17. Qd3 Rc8 18. Be2 Bg5 19. Nd5 Bxd5 20. Qxd5 Rc5 21. Qd3 f5 22. O-O fxe4 23. Qxe4 d5 24. Qxe5 Bf4 25. Qd4 Qd6 26. h3 Be5 27. Qd2 d4 28. axb5 axb5 29. Rad1 Rd8 30. Qc2 Qf6 31. Qb3+ Kh8 32. Qb4 Rcc8 33. Qxb5 1/2-1/2

[Event "British Columbia-ch"]
[Site "Vancouver CAN"]
[Date "2005.10.10"]
[Round "7.4"]
[White "Berry, Jonathan"]
[Black "Phonchiangkwong, Sumon Chai"]
[Result "1-0"]
[WhiteElo "2327"]
[BlackElo "1907"]
[PlyCount "61"]
[GameId "2160767910834601"]
[EventDate "2005.10.07"]
[EventType "tourn"]
[EventRounds "7"]
[EventCountry "CAN"]

1. d4 g6 2. e4 Bg7 3. Nc3 d6 4. g3 Nd7 5. Bg2 e5 6. Nge2 Ne7 7. O-O O-O 8. a4 Nc6 9. Be3 h6 10. f4 f5 11. a5 Nf6 12. dxe5 dxe5 13. a6 fxe4 14. Nxe4 Nd5 15. Qxd5+ Qxd5 16. Nf6+ Rxf6 17. Bxd5+ Kh7 18. fxe5 Rxf1+ 19. Rxf1 Nd8 20. e6 Bxe6 21. axb7 Nxb7 22. Bxb7 Rb8 23. Ba6 Rxb2 24. Bd3 a5 25. Bd4 Rb4 26. Bxg7 Kxg7 27. Ra1 c5 28. Rxa5 c4 29. Bxg6 Kxg6 30. Nf4+ Kf7 31. Ra7+ 1-0

[Event "CAN-ch U20"]
[Site "Brantford CAN"]
[Date "2005.04.30"]
[Round "1"]
[White "Iv, Kieng"]
[Black "Yu, Jonathan"]
[Result "1-0"]
[WhiteElo "1466"]
[BlackElo "1974"]
[PlyCount "81"]
[GameId "2160767910968585"]
[EventDate "2005.04.30"]
[EventType "swiss"]
[EventRounds "9"]
[EventCountry "CAN"]
[SourceTitle "EXT 2006"]
[Source "ChessBase"]
[SourceDate "2005.11.24"]
[SourceVersion "1"]
[SourceVersionDate "2005.11.24"]
[SourceQuality "1"]

1. c4 e6 2. Nc3 d5 3. e3 Nf6 4. Nf3 Be7 5. d4 O-O 6. Bd3 dxc4 7. Bxc4 c5 8. O-O Nbd7 9. Qd3 a6 10. a4 Qc7 11. Ne4 cxd4 12. Nxf6+ Bxf6 13. exd4 Rd8 14. Qe2 Nb6 15. Bd3 Bd7 16. a5 Nd5 17. Bg5 Nf4 18. Bxf4 Qxf4 19. Qe4 Qxe4 20. Bxe4 Rab8 21. Rfd1 Bc6 22. Bxc6 bxc6 23. Rac1 Rd6 24. Ne5 Rxb2 25. Nc4 Bxd4 26. Nxb2 e5 27. Nc4 Rd5 28. Nxe5 Rxe5 29. Rxd4 g6 30. g3 Rxa5 31. Rxc6 Ra2 32. Rc8+ Kg7 33. Rc7 a5 34. Rf4 a4 35. Rfxf7+ Kh6 36. Rxh7+ Kg5 37. h4+ Kg4 38. Rc4+ Kh3 39. Rc1 a3 40. Ra7 Kg4 41. Kg2 1-0

[Event "CAN-ch U20"]
[Site "Brantford CAN"]
[Date "2005.04.30"]
[Round "1"]
[White "Jiang, Louie"]
[Black "Boik, Andrew"]
[Result "1-0"]
[WhiteElo "1692"]
[BlackElo "2058"]
[PlyCount "71"]
[GameId "2160767910968586"]
[EventDate "2005.04.30"]
[EventType "swiss"]
[EventRounds "9"]
[EventCountry "CAN"]
[SourceTitle "EXT 2006"]
[Source "ChessBase"]
[SourceDate "2005.11.24"]
[SourceVersion "1"]
[SourceVersionDate "2005.11.24"]
[SourceQuality "1"]

1. e4 c5 2. Nf3 d6 3. d4 cxd4 4. Nxd4 Nf6 5. Nc3 a6 6. Be2 e6 7. O-O Be7 8. Be3 Qc7 9. f4 O-O 10. Bf3 Nc6 11. Qe1 Re8 12. Qf2 Nd7 13. Rad1 Rb8 14. h4 Nxd4 15. Bxd4 b5 16. h5 b4 17. Na4 Bb7 18. h6 e5 19. fxe5 dxe5 20. Be3 Bf8 21. hxg7 Bxg7 22. b3 Bc6 23. Nb2 Bb5 24. Be2 Bxe2 25. Qxf7+ Kh8 26. Rxd7 Qxd7 27. Qxd7 Bxf1 28. Kxf1 Rec8 29. Nc4 Rd8 30. Qe6 Rd1+ 31. Ke2 Ra1 32. Nxe5 h5 33. Ng6+ Kh7 34. Qf5 Rxa2 35. Ne7+ Kh8 36. Qxh5+ 1-0

[Event "CAN-ch U20"]
[Site "Brantford CAN"]
[Date "2005.04.30"]
[Round "1"]
[White "Zaczek, Jonathon"]
[Black "Von Keitz, Michael"]
[Result "1-0"]
[WhiteElo "2012"]
[BlackElo "1599"]
[PlyCount "113"]
[GameId "2160767910968590"]
[EventDate "2005.04.30"]
[EventType "swiss"]
[EventRounds "9"]
[EventCountry "CAN"]
[SourceTitle "EXT 2006"]
[Source "ChessBase"]
[SourceDate "2005.11.24"]
[SourceVersion "1"]
[SourceVersionDate "2005.11.24"]
[SourceQuality "1"]

1. e4 e5 2. Nf3 Nf6 3. Nxe5 d6 4. Nf3 Nxe4 5. d4 d5 6. Bd3 Nf6 7. O-O Be7 8. c4 c6 9. h3 O-O 10. Nc3 b6 11. Bf4 Na6 12. Ne5 Bb7 13. a3 c5 14. Re1 Nc7 15. dxc5 Bxc5 16. b4 Bd6 17. Bg5 Re8 18. Ng4 Rxe1+ 19. Qxe1 dxc4 20. Bxc4 Be7 21. Rd1 Qe8 22. Ne5 Ne6 23. Bh4 Ng4 24. hxg4 Bxh4 25. Nxf7 Kxf7 26. Qxe6+ Qxe6 27. Rd7+ Kf6 28. Bxe6 Kxe6 29. Rxb7 Bf6 30. Nb5 Rc8 31. Rxa7 Be5 32. g3 Kd5 33. f4 Bb2 34. a4 Rc1+ 35. Kg2 Ke4 36. Re7+ Kd3 37. Re6 Rc4 38. Rd6+ Kc2 39. Rxb6 Rxb4 40. a5 Bd4 41. Nxd4+ Rxd4 42. Rb7 Rd2+ 43. Kh3 Kd1 44. a6 Ke1 45. a7 Ra2 46. Rxg7 h6 47. g5 h5 48. Rh7 Kf2 49. Kh4 Kf3 50. Kxh5 Kxg3 51. f5 Kf4 52. Kg6 Ra5 53. f6 Rxg5+ 54. Kf7 Ra5 55. Kg8 Kg5 56. f7 Rxa7 57. f8=Q 1-0

[Event "CAN-ch U20"]
[Site "Brantford CAN"]
[Date "2005.04.30"]
[Round "2"]
[White "Xia, Angel"]
[Black "Von Keitz, Michael"]
[Result "1-0"]
[WhiteElo "1896"]
[BlackElo "1599"]
[PlyCount "127"]
[GameId "2160767910968594"]
[EventDate "2005.04.30"]
[EventType "swiss"]
[EventRounds "9"]
[EventCountry "CAN"]
[SourceTitle "EXT 2006"]
[Source "ChessBase"]
[SourceDate "2005.11.24"]
[SourceVersion "1"]
[SourceVersionDate "2005.11.24"]
[SourceQuality "1"]

1. e4 e5 2. Nf3 Nf6 3. Nxe5 d6 4. Nf3 Nxe4 5. d4 d5 6. Bd3 Nf6 7. O-O Be7 8. Bg5 O-O 9. h3 b6 10. Nbd2 Bb7 11. c3 Nbd7 12. Ne5 Ne4 13. Bxe7 Qxe7 14. Re1 Nxe5 15. dxe5 Qxe5 16. f3 Nxc3 17. Rxe5 Nxd1 18. Rxd1 Rfe8 19. Rde1 Rxe5 20. Rxe5 g6 21. Nb3 Kf8 22. Nd4 a6 23. f4 c5 24. Nf3 Re8 25. f5 d4 26. Kf2 Rc8 27. g4 c4 28. Be4 Bxe4 29. Rxe4 c3 30. bxc3 dxc3 31. Re1 b5 32. Ke3 b4 33. Kd3 a5 34. fxg6 hxg6 35. Kc2 f6 36. Re6 Kf7 37. Ra6 Rc5 38. Nd4 Re5 39. Ra7+ Kf8 40. Kd3 Rd5 41. Kc4 Re5 42. Kb3 Re3 43. Rxa5 c2+ 44. Kxc2 Rxh3 45. Rb5 Rc3+ 46. Kb2 Rc4 47. Rd5 Rc3 48. Nb5 Rf3 49. Rd4 f5 50. Rxb4 f4 51. g5 Rf1 52. a4 f3 53. Rf4+ Kg7 54. a5 f2 55. a6 Re1 56. a7 f1=Q 57. Rxf1 Rxf1 58. a8=Q Rf8 59. Qa7+ Rf7 60. Qd4+ Kg8 61. Nc7 Kh7 62. Nd5 Rb7+ 63. Kc3 Re7 64. Qh4+ 1-0

[Event "CAN-ch U20"]
[Site "Brantford CAN"]
[Date "2005.04.30"]
[Round "2"]
[White "Yu, Jonathan"]
[Black "Tam, Timothy"]
[Result "0-1"]
[WhiteElo "1974"]
[BlackElo "1607"]
[PlyCount "58"]
[GameId "2160767910968595"]
[EventDate "2005.04.30"]
[EventType "swiss"]
[EventRounds "9"]
[EventCountry "CAN"]
[SourceTitle "EXT 2006"]
[Source "ChessBase"]
[SourceDate "2005.11.24"]
[SourceVersion "1"]
[SourceVersionDate "2005.11.24"]
[SourceQuality "1"]

1. e4 c5 2. Nf3 Nc6 3. c3 g6 4. d4 cxd4 5. cxd4 Bg7 6. Nc3 d6 7. Be3 Nf6 8. h3 O-O 9. Be2 a6 10. a4 b6 11. O-O Bb7 12. Nd2 Nd7 13. Nc4 Rc8 14. f4 Na5 15. Nxa5 bxa5 16. f5 Qb6 17. Qd2 Kh8 18. Rf4 gxf5 19. Rxf5 e6 20. Rh5 Rg8 21. Rf1 Rcf8 22. Kh1 Qd8 23. Bg5 Bf6 24. Bh6 Bg7 25. Bxg7+ Rxg7 26. Qh6 Qb6 27. d5 exd5 28. Bg4 Qxb2 29. Bf5 Qxg2# 0-1

[Event "CAN-ch U20"]
[Site "Brantford CAN"]
[Date "2005.05.01"]
[Round "3"]
[White "Iv, Kieng"]
[Black "Boik, Andrew"]
[Result "0-1"]
[WhiteElo "1466"]
[BlackElo "2058"]
[PlyCount "58"]
[GameId "2160767910968597"]
[EventDate "2005.04.30"]
[EventType "swiss"]
[EventRounds "9"]
[EventCountry "CAN"]
[SourceTitle "EXT 2006"]
[Source "ChessBase"]
[SourceDate "2005.11.24"]
[SourceVersion "1"]
[SourceVersionDate "2005.11.24"]
[SourceQuality "1"]

1. c4 e5 2. Nc3 d6 3. g3 g6 4. Bg2 Bg7 5. e3 f5 6. Nge2 Nf6 7. O-O O-O 8. d3 Nc6 9. Bd2 g5 10. Qc1 Qe8 11. Nd5 Qh5 12. Re1 f4 13. exf4 gxf4 14. gxf4 Bh3 15. Ng3 Qh4 16. Nxf6+ Rxf6 17. fxe5 Bxg2 18. exf6 Qh3 19. f7+ Kxf7 20. Qd1 Rg8 21. Re3 Bd4 22. Rf3+ Ke8 23. Qe2+ Ne5 24. Re3 Bxe3 25. Qxe3 Kd8 26. f4 Ng4 27. Nf1 Nxe3 28. Nxe3 Bh1+ 29. Kf2 Qf3+ 0-1

[Event "CAN-ch U20"]
[Site "Brantford CAN"]
[Date "2005.05.01"]
[Round "3"]
[White "Jiang, Louie"]
[Black "Zaczek, Jonathon"]
[Result "1/2-1/2"]
[WhiteElo "1692"]
[BlackElo "2012"]
[PlyCount "83"]
[GameId "2160767910968598"]
[EventDate "2005.04.30"]
[EventType "swiss"]
[EventRounds "9"]
[EventCountry "CAN"]
[SourceTitle "EXT 2006"]
[Source "ChessBase"]
[SourceDate "2005.11.24"]
[SourceVersion "1"]
[SourceVersionDate "2005.11.24"]
[SourceQuality "1"]

1. e4 c5 2. Nf3 d6 3. d4 cxd4 4. Nxd4 Nf6 5. Nc3 a6 6. Be2 e5 7. Nb3 Be7 8. f3 Be6 9. Be3 Nbd7 10. Qd2 b5 11. g4 Nb6 12. g5 Nfd7 13. h4 Rc8 14. Nd5 Bxd5 15. exd5 Nc4 16. Bxc4 bxc4 17. Nc1 c3 18. bxc3 Nb6 19. Bxb6 Qxb6 20. Ne2 h6 21. g6 f5 22. Qd3 O-O 23. Ng3 Qb2 24. Kd2 Bxh4 25. Rxh4 Qxa1 26. Nxf5 Rxf5 27. Qxf5 Qxc3+ 28. Kd1 Qc7 29. Qe6+ Kh8 30. Qf5 Rb8 31. Rb4 Rc8 32. Rb6 Rd8 33. Rc6 Qa7 34. Rxd6 Qd4+ 35. Ke2 Qc4+ 36. Kd1 Qf1+ 37. Kd2 Qf2+ 38. Kd3 Qf1+ 39. Kd2 Qf2+ 40. Kd3 Qd4+ 41. Ke2 Qc4+ 42. Kd1 1/2-1/2

[Event "CAN-ch U20"]
[Site "Brantford CAN"]
[Date "2005.05.01"]
[Round "3"]
[White "Tam, Timothy"]
[Black "Rachar, Sean"]
[Result "0-1"]
[WhiteElo "1607"]
[BlackElo "1751"]
[PlyCount "142"]
[GameId "2160767910968601"]
[EventDate "2005.04.30"]
[EventType "swiss"]
[EventRounds "9"]
[EventCountry "CAN"]
[SourceTitle "EXT 2006"]
[Source "ChessBase"]
[SourceDate "2005.11.24"]
[SourceVersion "1"]
[SourceVersionDate "2005.11.24"]
[SourceQuality "1"]

1. e4 c6 2. d4 d5 3. Nc3 dxe4 4. Nxe4 Nd7 5. Qe2 e6 6. Nf3 Ngf6 7. g3 Nxe4 8. Qxe4 Nf6 9. Qe2 b6 10. Bg2 Bb7 11. Ne5 Qc7 12. O-O Rd8 13. Rd1 Be7 14. Bf4 Qc8 15. c4 O-O 16. Rac1 c5 17. Bxb7 Qxb7 18. Nf3 cxd4 19. Nxd4 Rd7 20. a3 Rfd8 21. Nb5 a6 22. Nc3 h6 23. Rxd7 Qxd7 24. Be3 Qc6 25. b4 a5 26. Na2 Nd7 27. Qc2 Ne5 28. f4 Rd3 29. fxe5 Rxe3 30. c5 bxc5 31. bxc5 Rxe5 32. Qg2 Bxc5+ 33. Kh1 Rd5 34. Nb4 axb4 35. axb4 Qb5 36. bxc5 Rxc5 37. Rd1 Qc6 38. Qxc6 Rxc6 39. Kg2 Rc2+ 40. Kg1 Kh7 41. Re1 Kg6 42. Rf1 e5 43. Re1 Kf5 44. Rf1+ Ke6 45. Re1 h5 46. Re4 Kf5 47. Re1 f6 48. Kh1 e4 49. Kg1 Ke5 50. Kh1 Kd4 51. Kg1 Kd3 52. h3 e3 53. Rd1+ Ke2 54. Rd5 g6 55. Rd6 Rc1+ 56. Kg2 Rf1 57. h4 Ke1 58. Rd3 Ke2 59. Rd6 Rf5 60. Rd4 g5 61. hxg5 fxg5 62. Rd6 g4 63. Rd4 Rf2+ 64. Kg1 Kf3 65. Rd1 Kxg3 66. Re1 e2 67. Rc1 Rf1+ 68. Rxf1 exf1=Q+ 69. Kxf1 h4 70. Kg1 h3 71. Kh1 Kf2 0-1

[Event "CAN-ch U20"]
[Site "Brantford CAN"]
[Date "2005.05.01"]
[Round "4"]
[White "Iv, Kieng"]
[Black "Tam, Timothy"]
[Result "1-0"]
[WhiteElo "1466"]
[BlackElo "1607"]
[PlyCount "89"]
[GameId "2160767910968604"]
[EventDate "2005.04.30"]
[EventType "swiss"]
[EventRounds "9"]
[EventCountry "CAN"]
[SourceTitle "EXT 2006"]
[Source "ChessBase"]
[SourceDate "2005.11.24"]
[SourceVersion "1"]
[SourceVersionDate "2005.11.24"]
[SourceQuality "1"]

1. c4 c5 2. Nc3 Nc6 3. g3 g6 4. Bg2 Bg7 5. e3 d6 6. Nge2 Nf6 7. O-O O-O 8. d4 cxd4 9. exd4 Bf5 10. a3 Rc8 11. b4 Ne8 12. Bb2 Qd7 13. Nd5 Nf6 14. Re1 Be4 15. Nxf6+ Bxf6 16. Bxe4 Nb8 17. Qb3 Rc7 18. Rad1 Rfc8 19. c5 Nc6 20. d5 Nb8 21. Bxf6 exf6 22. Rc1 dxc5 23. bxc5 Rxc5 24. Rxc5 Rxc5 25. Rc1 Na6 26. Qe3 b6 27. Qd3 Rxc1+ 28. Nxc1 Nc5 29. Qc4 Qe7 30. Bg2 Qe5 31. Nb3 Qd6 32. Nxc5 bxc5 33. Qa4 Qb6 34. Qc6 Kf8 35. d6 Qxc6 36. Bxc6 f5 37. Kf1 f6 38. Ke2 g5 39. Kd3 Kf7 40. Kc4 h5 41. Kxc5 g4 42. Bd7 Kf8 43. Kc6 a5 44. Be6 a4 45. d7 1-0

[Event "CAN-ch U20"]
[Site "Brantford CAN"]
[Date "2005.05.01"]
[Round "4"]
[White "Xia, Angel"]
[Black "Zaczek, Jonathon"]
[Result "0-1"]
[WhiteElo "1896"]
[BlackElo "2012"]
[PlyCount "36"]
[GameId "2160767910968606"]
[EventDate "2005.04.30"]
[EventType "swiss"]
[EventRounds "9"]
[EventCountry "CAN"]
[SourceTitle "EXT 2006"]
[Source "ChessBase"]
[SourceDate "2005.11.24"]
[SourceVersion "1"]
[SourceVersionDate "2005.11.24"]
[SourceQuality "1"]

1. e4 c5 2. Nf3 d6 3. d4 cxd4 4. Nxd4 Nf6 5. Nc3 a6 6. Bg5 e6 7. Qd2 Be7 8. O-O-O h6 9. Bh4 b5 10. a3 Bb7 11. Bd3 Qc7 12. f4 Nxe4 13. Bxe4 Bxh4 14. g4 d5 15. Bd3 Nc6 16. Nf3 Be7 17. f5 Ne5 18. Nxe5 Bg5 0-1

[Event "CAN-ch U20"]
[Site "Brantford CAN"]
[Date "2005.05.01"]
[Round "4"]
[White "Yu, Jonathan"]
[Black "Jiang, Louie"]
[Result "1-0"]
[WhiteElo "1974"]
[BlackElo "1692"]
[PlyCount "65"]
[GameId "2160767910968607"]
[EventDate "2005.04.30"]
[EventType "swiss"]
[EventRounds "9"]
[EventCountry "CAN"]
[SourceTitle "EXT 2006"]
[Source "ChessBase"]
[SourceDate "2005.11.24"]
[SourceVersion "1"]
[SourceVersionDate "2005.11.24"]
[SourceQuality "1"]

1. e4 c5 2. Nf3 d6 3. c3 Nf6 4. Bc4 Nc6 5. Qe2 e6 6. O-O Be7 7. Bb3 O-O 8. d4 cxd4 9. cxd4 h6 10. Nc3 Re8 11. Bf4 a6 12. Rad1 Qc7 13. e5 Nd7 14. Bc2 d5 15. Qd2 Bf8 16. Qd3 g6 17. Qd2 Kh7 18. h4 Bg7 19. h5 Nf8 20. g4 Qd7 21. Kg2 f5 22. exf6 Bxf6 23. Ne5 Nxe5 24. dxe5 Bg7 25. Rh1 Qf7 26. Rde1 Bd7 27. Bxh6 d4 28. hxg6+ Nxg6 29. Bxg7+ Kg8 30. Bf6 dxc3 31. Qh6 Bc6+ 32. Kg1 Bxh1 33. Bxg6 1-0

[Event "CAN-ch U20"]
[Site "Brantford CAN"]
[Date "2005.05.02"]
[Round "5"]
[White "Von Keitz, Michael"]
[Black "Jiang, Louie"]
[Result "0-1"]
[WhiteElo "1599"]
[BlackElo "1692"]
[PlyCount "86"]
[GameId "2160767910968609"]
[EventDate "2005.04.30"]
[EventType "swiss"]
[EventRounds "9"]
[EventCountry "CAN"]
[SourceTitle "EXT 2006"]
[Source "ChessBase"]
[SourceDate "2005.11.24"]
[SourceVersion "1"]
[SourceVersionDate "2005.11.24"]
[SourceQuality "1"]

1. e4 c5 2. Nf3 d6 3. d4 cxd4 4. Qxd4 Nc6 5. Bb5 Bd7 6. Bxc6 Bxc6 7. Nc3 Nf6 8. Bg5 e6 9. O-O-O Be7 10. Rhe1 O-O 11. e5 dxe5 12. Qxe5 Qb6 13. Qg3 Rfd8 14. Rxd8+ Rxd8 15. Bh6 Bf8 16. Ne5 Qb4 17. a3 Qe7 18. Nxc6 bxc6 19. Ne4 Nxe4 20. Rxe4 Qd7 21. Re1 Qd5 22. Kb1 Qh5 23. Bc1 Qa5 24. Qe5 Qb6 25. Be3 Qb7 26. Bc5 Rd5 27. Bxf8 Rxe5 28. Rxe5 Kxf8 29. Rc5 Qb6 30. b4 Qa6 31. c4 Qxa3 32. Rxc6 Qxb4+ 33. Kc1 Qe1+ 34. Kb2 Qxf2+ 35. Ka3 e5 36. Kb4 e4 37. c5 Qb2+ 38. Ka4 Qa2+ 39. Kb5 e3 40. Ra6 Qb3+ 41. Kc6 e2 42. Rxa7 e1=Q 43. Rb7 Qe4+ 0-1

[Event "CAN-ch U20"]
[Site "Brantford CAN"]
[Date "2005.05.02"]
[Round "5"]
[White "Xia, Angel"]
[Black "Iv, Kieng"]
[Result "1-0"]
[WhiteElo "1896"]
[BlackElo "1466"]
[PlyCount "64"]
[GameId "2160767910968610"]
[EventDate "2005.04.30"]
[EventType "swiss"]
[EventRounds "9"]
[EventCountry "CAN"]
[SourceTitle "EXT 2006"]
[Source "ChessBase"]
[SourceDate "2005.11.24"]
[SourceVersion "1"]
[SourceVersionDate "2005.11.24"]
[SourceQuality "1"]

1. e4 c5 2. Nf3 Nc6 3. d4 cxd4 4. Nxd4 g6 5. Nc3 Bg7 6. Be3 e6 7. Ndb5 Bxc3+ 8. bxc3 d5 9. exd5 exd5 10. Bf4 Kf8 11. Nc7 Rb8 12. Nxd5 Ra8 13. c4 Kg7 14. Qd2 h5 15. Qc3+ f6 16. Nc7 Nh6 17. Nxa8 Re8+ 18. Be2 Nd4 19. Bxh6+ Kxh6 20. Qd2+ g5 21. O-O-O Rxe2 22. Qxd4 Qxd4 23. Rxd4 Rxf2 24. g3 Bf5 25. Rd2 Rf3 26. Kb2 Re3 27. Nc7 Re4 28. Kb3 Re3+ 29. c3 Re7 30. Nd5 Re6 31. Rf1 Kg6 32. Rdf2 Re5 1-0

[Event "CAN-ch U20"]
[Site "Brantford CAN"]
[Date "2005.05.02"]
[Round "5"]
[White "Yu, Jonathan"]
[Black "Boik, Andrew"]
[Result "1-0"]
[WhiteElo "1974"]
[BlackElo "2058"]
[PlyCount "133"]
[GameId "2160767910968611"]
[EventDate "2005.04.30"]
[EventType "swiss"]
[EventRounds "9"]
[EventCountry "CAN"]
[SourceTitle "EXT 2006"]
[Source "ChessBase"]
[SourceDate "2005.11.24"]
[SourceVersion "1"]
[SourceVersionDate "2005.11.24"]
[SourceQuality "1"]

1. e4 c5 2. Nf3 e6 3. Bc4 Qa5 4. c3 Nf6 5. e5 d5 6. Bb3 Nfd7 7. O-O c4 8. Bc2 Nc6 9. Re1 Qc7 10. Qe2 Be7 11. d3 cxd3 12. Bxd3 a6 13. a4 Na5 14. Nbd2 Nb6 15. Nd4 Bd7 16. Qg4 g6 17. Bc2 Nbc4 18. N2f3 Nc6 19. Qf4 Nxd4 20. cxd4 Nxb2 21. Bxg6 hxg6 22. Bxb2 Qc2 23. Ba3 Qf5 24. Qd2 Bc6 25. h3 Bd8 26. Bd6 g5 27. Nh2 Kd7 28. Bc5 Bc7 29. Ng4 b6 30. Bb4 Rac8 31. Re3 a5 32. Rf3 Qg6 33. Bc3 Bd8 34. Qe2 Kc7 35. Be1 Kb7 36. Qb2 Ka7 37. Rb3 Bb7 38. Bxa5 Rc2 39. Qb1 Rc6 40. Qxg6 fxg6 41. Bd2 Ba6 42. Nh2 Rc4 43. Be3 Be7 44. Nf3 Rhc8 45. Kh2 Bb7 46. a5 bxa5 47. Rxa5+ Kb8 48. Kg3 Rf8 49. Rab5 Rc7 50. Bxg5 Rxf3+ 51. Rxf3 Bxg5 52. Rf8+ Ka7 53. Rg8 Ka6 54. Rb1 Bd2 55. Rxg6 Bc8 56. h4 Bc3 57. Rg4 Rh7 58. Rb3 Bd2 59. Rg8 Bb7 60. Kh3 Be1 61. Kg3 Ka5 62. Re8 Rg7+ 63. Kf3 Rf7+ 64. Ke2 Bxf2 65. Rxb7 Rxb7 66. Kxf2 Rb4 67. Ra8+ 1-0

[Event "CAN-ch U20"]
[Site "Brantford CAN"]
[Date "2005.05.02"]
[Round "6"]
[White "Iv, Kieng"]
[Black "Zaczek, Jonathon"]
[Result "0-1"]
[WhiteElo "1466"]
[BlackElo "2012"]
[PlyCount "60"]
[GameId "2160767910968613"]
[EventDate "2005.04.30"]
[EventType "swiss"]
[EventRounds "9"]
[EventCountry "CAN"]
[SourceTitle "EXT 2006"]
[Source "ChessBase"]
[SourceDate "2005.11.24"]
[SourceVersion "1"]
[SourceVersionDate "2005.11.24"]
[SourceQuality "1"]

1. c4 Nf6 2. g3 g6 3. Bg2 Bg7 4. d3 c5 5. Nf3 Nc6 6. Nc3 O-O 7. O-O d6 8. a3 Bd7 9. Bd2 Ne8 10. Rb1 a5 11. Qc1 Nc7 12. Na2 b5 13. cxb5 Nxb5 14. Nc3 Rb8 15. Bh6 Nxc3 16. Qd2 Nxb1 17. Rxb1 a4 18. h4 Qa5 19. Qg5 f6 20. Qf4 e5 21. Qc4+ Rf7 22. Bd2 Qb5 23. Qd5 Bf8 24. Nh2 Nd4 25. Kf1 Be6 26. Qe4 d5 27. Qe3 Nc2 28. Qf3 Nxa3 29. Re1 Qxb2 30. Bc1 Qb3 0-1

[Event "CAN-ch U20"]
[Site "Brantford CAN"]
[Date "2005.05.02"]
[Round "6"]
[White "Jiang, Louie"]
[Black "Xia, Angel"]
[Result "1/2-1/2"]
[WhiteElo "1692"]
[BlackElo "1896"]
[PlyCount "90"]
[GameId "2160767910968614"]
[EventDate "2005.04.30"]
[EventType "swiss"]
[EventRounds "9"]
[EventCountry "CAN"]
[SourceTitle "EXT 2006"]
[Source "ChessBase"]
[SourceDate "2005.11.24"]
[SourceVersion "1"]
[SourceVersionDate "2005.11.24"]
[SourceQuality "1"]

1. e4 c5 2. Nf3 Nc6 3. d4 cxd4 4. Nxd4 Nf6 5. Nc3 d6 6. f3 e6 7. Be3 Be7 8. Qd2 O-O 9. g4 Bd7 10. g5 Ne8 11. h4 Nxd4 12. Bxd4 Qa5 13. O-O-O b5 14. Kb1 b4 15. Ne2 e5 16. Be3 Be6 17. Nc1 Nc7 18. h5 Nb5 19. Bxb5 Qxb5 20. Rdg1 a5 21. g6 f5 22. gxh7+ Kh8 23. h6 Rf7 24. hxg7+ Rxg7 25. Rxg7 Kxg7 26. Bg5 Qd7 27. Qg2 Kh8 28. f4 Rc8 29. fxe5 dxe5 30. Nd3 Bxg5 31. Nxe5 Qg7 32. exf5 Bxf5 33. Qxg5 Qxe5 34. Ka1 Re8 35. Rg1 Bxh7 36. Qxe5+ Rxe5 37. c3 bxc3 38. bxc3 Rb5 39. a3 Rb3 40. Rg5 a4 41. Ra5 Rb1+ 42. Ka2 Rc1 43. Rxa4 Rxc3 44. Rb4 Rc7 45. a4 Bg8+ 1/2-1/2

[Event "CAN-ch U20"]
[Site "Brantford CAN"]
[Date "2005.05.02"]
[Round "6"]
[White "Rachar, Sean"]
[Black "Von Keitz, Michael"]
[Result "1-0"]
[WhiteElo "1751"]
[BlackElo "1599"]
[PlyCount "121"]
[GameId "2160767910968616"]
[EventDate "2005.04.30"]
[EventType "swiss"]
[EventRounds "9"]
[EventCountry "CAN"]
[SourceTitle "EXT 2006"]
[Source "ChessBase"]
[SourceDate "2005.11.24"]
[SourceVersion "1"]
[SourceVersionDate "2005.11.24"]
[SourceQuality "1"]

1. d4 d5 2. c4 e6 3. Nc3 Nf6 4. Nf3 c5 5. e3 Nc6 6. Be2 dxc4 7. Bxc4 cxd4 8. exd4 Be7 9. O-O Nd5 10. Qb3 Nb6 11. Bb5 Qc7 12. Bxc6+ bxc6 13. Ne5 O-O 14. Bf4 Bd6 15. Rfc1 Bxe5 16. Bxe5 Qd7 17. Qb4 Rd8 18. Ne4 Nd5 19. Qc5 Bb7 20. Rab1 f6 21. Bg3 Ne7 22. Nd6 Nf5 23. Nxb7 Qxb7 24. Qxc6 Qxc6 25. Rxc6 Nxd4 26. Rc7 Ne2+ 27. Kf1 Nxg3+ 28. hxg3 Kf8 29. Ke2 Re8 30. Rd1 Re7 31. Rdd7 Rxd7 32. Rxd7 a5 33. Kd3 a4 34. Rb7 Rd8+ 35. Ke2 Rc8 36. Kd2 Rd8+ 37. Kc2 Rc8+ 38. Kb1 Rd8 39. b4 axb3 40. Rxb3 Rd2 41. a4 Rxf2 42. Rb5 Rxg2 43. a5 Rg1+ 44. Kb2 Rg2+ 45. Kb1 Rxg3 46. Kb2 Rg2+ 47. Kb3 Rg3+ 48. Kb2 Rd3 49. a6 Rd6 50. a7 Ra6 51. Rb8+ Kf7 52. a8=Q Rxa8 53. Rxa8 h5 54. Kc3 g5 55. Kd3 g4 56. Ke4 Kg6 57. Rg8+ Kh7 58. Re8 e5 59. Kf5 g3 60. Kxf6 g2 61. Re7+ 1-0

[Event "CAN-ch U20"]
[Site "Brantford CAN"]
[Date "2005.05.03"]
[Round "7"]
[White "Boik, Andrew"]
[Black "Xia, Angel"]
[Result "1-0"]
[WhiteElo "2058"]
[BlackElo "1896"]
[PlyCount "47"]
[GameId "2160767910968618"]
[EventDate "2005.04.30"]
[EventType "swiss"]
[EventRounds "9"]
[EventCountry "CAN"]
[SourceTitle "EXT 2006"]
[Source "ChessBase"]
[SourceDate "2005.11.24"]
[SourceVersion "1"]
[SourceVersionDate "2005.11.24"]
[SourceQuality "1"]

1. e4 c5 2. Nf3 d6 3. d4 cxd4 4. Nxd4 Nf6 5. Nc3 Nc6 6. Bg5 e6 7. Bb5 Bd7 8. Bxc6 bxc6 9. Qf3 Be7 10. e5 Nd5 11. Bxe7 Qxe7 12. exd6 Qxd6 13. O-O O-O 14. Nb3 Rab8 15. Ne4 Qe7 16. Rad1 Rfd8 17. c4 Nb6 18. Qe2 Be8 19. Nec5 f6 20. Nxe6 Bf7 21. Nbc5 Nd7 22. Qg4 Bxe6 23. Qxe6+ Kf8 24. Nxd7+ 1-0

[Event "CAN-ch U20"]
[Site "Brantford CAN"]
[Date "2005.05.03"]
[Round "7"]
[White "Von Keitz, Michael"]
[Black "Iv, Kieng"]
[Result "1-0"]
[WhiteElo "1599"]
[BlackElo "1466"]
[PlyCount "81"]
[GameId "2160767910968620"]
[EventDate "2005.04.30"]
[EventType "swiss"]
[EventRounds "9"]
[EventCountry "CAN"]
[SourceTitle "EXT 2006"]
[Source "ChessBase"]
[SourceDate "2005.11.24"]
[SourceVersion "1"]
[SourceVersionDate "2005.11.24"]
[SourceQuality "1"]

1. e4 c5 2. c3 Nc6 3. d4 d5 4. dxc5 e6 5. exd5 exd5 6. Be3 Nf6 7. Nf3 Ng4 8. Bd4 Nxd4 9. cxd4 Qa5+ 10. Nc3 a6 11. Qa4+ Qxa4 12. Nxa4 Be7 13. Nb6 Rb8 14. Nxd5 Bd8 15. h3 Nf6 16. Nxf6+ Bxf6 17. O-O-O O-O 18. Ne5 Be6 19. b3 Rbd8 20. Be2 Bd5 21. Bf3 Rfe8 22. Bxd5 Rxd5 23. Rhe1 Bxe5 24. Rxe5 Rexe5 25. dxe5 Rxc5+ 26. Kb2 g6 27. f4 Kf8 28. Rc1 Rb5 29. a4 Rb4 30. Rc4 Rxc4 31. bxc4 Ke7 32. Kc3 Kd7 33. Kd4 Kc6 34. c5 b5 35. cxb6 Kxb6 36. Kc4 Kc6 37. g4 Kb6 38. f5 gxf5 39. gxf5 Kc6 40. f6 a5 41. e6 1-0